[Event "Araraquara op 2nd"]
[Site "Araraquara"]
[Date "2024.02.11"]
[Round "4"]
[White "Caribe Santos, Luiz Carlos"]
[Black "De Fassio, Davi dos Santos"]
[Result "0-1"]
[WhiteElo "1451"]
[BlackElo "1631"]
[PlyCount "78"]
[EventDate "2024.02.10"]
[EventType "swiss"]
[EventRounds "7"]
[EventCountry "BRA"]
[SourceTitle "CB09_2024"]
[SourceDate "2024.02.28"]
[SourceVersion "1"]
[SourceVersionDate "2024.02.28"]
[SourceQuality "1"]

1. Nf3 Nf6 2. c4 g6 3. g3 Bg7 4. Nc3 0-0 5. Bg2 Nc6 6. d4 d5 7. Bg5 e6 8. e3 h6 9. Bxf6 Bxf6 10. 0-0 dxc4 11. Qa4 Qe7 12. Qxc4 Rd8 13. a3 h5 14. h4 Bd7 15. b4 a6 16. Rac1 Rac8 17. Rfd1 Na7 18. e4 Nb5 19. Nxb5 Bxb5 20. Qc5 Qxc5 21. bxc5 Be2 22. Rd2 Bxf3 23. Bxf3 Rxd4 24. Rxd4 Bxd4 25. Rc4 Bb2 26. a4 a5 27. g4 hxg4 28. Bxg4 c6 29. f4 f5 30. Kg2 fxg4 31. Kg3 Rd8 32. Kxg4 Rd4 33. Rc2 Ba3 34. Kg5 Kg7 35. e5 Rd5 36. h5 Rxc5 37. Rd2 Rd5 38. h6+ Kh7 39. Kf6 Rxd2 0-1

[Event "Araraquara op 2nd"]
[Site "Araraquara"]
[Date "2024.02.10"]
[Round "2"]
[White "Pereira da Silva, Breno D Alkmin"]
[Black "De Fassio, Davi dos Santos"]
[Result "1-0"]
[WhiteElo "1953"]
[BlackElo "1631"]
[PlyCount "109"]
[EventDate "2024.02.10"]
[EventType "swiss"]
[EventRounds "7"]
[EventCountry "BRA"]
[SourceTitle "CB09_2024"]
[SourceDate "2024.02.28"]
[SourceVersion "1"]
[SourceVersionDate "2024.02.28"]
[SourceQuality "1"]

1. c4 Nf6 2. Nf3 g6 3. Nc3 Bg7 4. d4 d5 5. e3 0-0 6. b3 c6 7. Be2 Bg4 8. 0-0 e6 9. cxd5 cxd5 10. h3 Bxf3 11. Bxf3 Nc6 12. Bb2 Qd7 13. Be2 Rac8 14. Qd2 Rfe8 15. Rfc1 Bf8 16. Qd1 Bb4 17. Na4 Ne4 18. a3 Bd6 19. Nc5 Bxc5 20. dxc5 e5 21. Bf3 f5 22. b4 a6 23. Bxe4 fxe4 24. Qb3 Rcd8 25. Rd1 Kg7 26. a4 Qe6 27. Rac1 g5 28. Qc3 d4 29. exd4 Nxd4 30. Qe3 h6 31. Bxd4 exd4 32. Rxd4 Qe5 33. Rcd1 Rxd4 34. Qxd4 Qxd4 35. Rxd4 Kf6 36. Kf1 Re7 37. Ke2 Kf5 38. Ke3 Re6 39. g4+ Kf6 40. Rxe4 Rc6 41. Kd4 b6 42. Kd5 Rc8 43. cxb6 Ra8 44. b7 Rb8 45. Kc6 h5 46. Kc7 Rxb7+ 47. Kxb7 a5 48. bxa5 hxg4 49. hxg4 Kg6 50. a6 Kh6 51. a7 Kg6 52. a8Q Kh7 53. Re7+ Kg6 54. Qg8+ Kh6 55. Qh7# 1-0

[Event "Iberoamerican-ch 9th"]
[Site "Panama City"]
[Date "2023.11.27"]
[Round "4"]
[White "De Fassio, Davi dos Santos"]
[Black "Zapata Romero, Italo German"]
[Result "1-0"]
[WhiteElo "1582"]
[BlackElo "1861"]
[PlyCount "43"]
[EventDate "2023.11.25"]
[EventType "swiss"]
[EventRounds "9"]
[EventCountry "PAN"]
[SourceTitle "CB49_2023"]
[SourceDate "2023.12.06"]
[SourceVersion "1"]
[SourceVersionDate "2023.12.06"]
[SourceQuality "1"]

1. d4 Nf6 2. Nf3 g6 3. g3 Bg7 4. Bg2 d5 5. 0-0 0-0 6. c4 c6 7. Nc3 dxc4 8. e4 b5 9. a3 Bb7 10. Nh4 Qd7 11. f4 Rd8 12. e5 Nd5 13. Nxd5 cxd5 14. f5 Nc6 15. Be3 Rac8 16. e6 fxe6 17. fxg6 hxg6 18. Bh3 Rf8 19. Qg4 g5 20. Bxg5 Nxd4 21. Bh6 Ne2+ 22. Qxe2 1-0

[Event "Hebraica op 31st"]
[Site "Hebraica"]
[Date "2023.07.01"]
[Round "4"]
[White "De Fassio, Davi dos Santos"]
[Black "Americano, Lucca Casarini"]
[Result "1-0"]
[WhiteElo "1349"]
[BlackElo "1573"]
[PlyCount "123"]
[EventDate "2023.06.30"]
[EventType "swiss"]
[EventRounds "6"]
[EventCountry "BRA"]
[SourceTitle "CBM 215 Extra"]
[Source "ChessBase"]
[SourceDate "2023.09.30"]
[SourceVersion "1"]
[SourceVersionDate "2023.09.30"]
[SourceQuality "1"]

1. e4 c5 2. c3 Nc6 3. d4 e6 4. d5 exd5 5. exd5 Ne5 6. Be2 d6 7. Nf3 Nxf3+ 8. Bxf3 Nf6 9. 0-0 Be7 10. Re1 0-0 11. Bf4 Re8 12. Nd2 b5 13. a4 Bb7 14. Qb3 a6 15. axb5 axb5 16. Rxa8 Bxa8 17. Qxb5 Nxd5 18. Bxd5 Bxd5 19. Bxd6 Be6 20. Bxe7 Rxe7 21. Ra1 Rd7 22. Ne4 Rd1+ 23. Rxd1 Qxd1+ 24. Qf1 Qd5 25. Qe2 c4 26. Nd2 Qb7 27. Nxc4 Qb5 28. Qd1 g6 29. Nd6 Qxb2 30. Ne4 Bf5 31. Qd8+ Kg7 32. Qd4+ Kh6 33. Qd2+ Qxd2 34. Nxd2 Kg5 35. f3 Kf4 36. Kf2 Be6 37. g3+ Ke5 38. Ke3 Kd5 39. Kf4 h6 40. h4 f6 41. Ke3 f5 42. Kf4 Kd6 43. g4 Kd5 44. c4+ Kd4 45. g5 h5 46. c5 Kxc5 47. Ke5 Bf7 48. Kf6 Be8 49. Ke7 Bc6 50. Kf7 Kd5 51. Kxg6 Ke6 52. Kh7 Ke5 53. g6 Kf4 54. g7 Bd5 55. g8Q Bxg8+ 56. Kxg8 Kg3 57. Kh7 Kxh4 58. Kg6 f4 59. Kh6 Kg3 60. Kxh5 Kf2 61. Kg4 Ke3 62. Kf5 1-0

[Event "World School-ch U09"]
[Site "Rhodes"]
[Date "2023.04.19"]
[Round "6"]
[White "De Fassio, Davi dos Santos"]
[Black "Bissaliyev, Aisultan"]
[Result "0-1"]
[WhiteElo "1209"]
[BlackElo "1290"]
[PlyCount "98"]
[EventDate "2023.04.14"]
[EventType "swiss"]
[EventRounds "9"]
[EventCountry "GRE"]
[SourceTitle "EXT 2024"]
[Source "ChessBase"]
[SourceDate "2023.10.10"]
[SourceVersion "1"]
[SourceVersionDate "2023.10.10"]
[SourceQuality "1"]

1. e4 c5 2. Nf3 a6 3. c4 Nc6 4. d4 cxd4 5. Nxd4 e5 6. Nxc6 bxc6 7. Be2 Bb4+ 8. Bd2 Bxd2+ 9. Qxd2 Nf6 10. Nc3 d6 11. Rd1 Ke7 12. 0-0 Qc7 13. Qg5 h6 14. Qe3 Be6 15. h3 Rhe8 16. f4 Qa7 17. Qxa7+ Rxa7 18. fxe5 dxe5 19. c5 a5 20. Bf3 Nd7 21. Rd6 Rc7 22. Na4 Nxc5 23. Rxe6+ Nxe6 24. Rc1 Rb8 25. Nc3 Rd7 26. Na4 Rb4 27. Nc5 Nxc5 28. Rxc5 f6 29. b3 a4 30. Rxc6 axb3 31. axb3 Rxb3 32. Kh2 g6 33. Rc5 h5 34. h4 Rd2 35. Kg3 Kd6 36. Ra5 f5 37. Ra8 Kc7 38. Ra4 f4+ 39. Kh3 Rb1 40. Kh2 Rf1 41. Ra3 Kb6 42. Rb3+ Kc5 43. Rc3+ Kb4 44. Rc6 Rxf3 45. Rxg6 Rff2 46. Rg5 f3 47. Rxh5 Rxg2+ 48. Kh3 Rd1 49. Rxe5 Rh1# 0-1

[Event "Florianopolis op 9th"]
[Site "Florianopolis"]
[Date "2023.01.27"]
[Round "7"]
[White "Monteiro, Helen Ramazzotte"]
[Black "De Fassio, Davi dos Santos"]
[Result "1-0"]
[WhiteElo "1412"]
[BlackElo "1200"]
[PlyCount "61"]
[EventDate "2023.01.23"]
[EventType "swiss"]
[EventRounds "10"]
[EventCountry "BRA"]
[SourceTitle "CBM 212 Extra"]
[Source "ChessBase"]
[SourceDate "2023.03.31"]
[SourceVersion "1"]
[SourceVersionDate "2023.03.31"]
[SourceQuality "1"]

1. c4 e5 2. Nc3 Nf6 3. Nf3 Nc6 4. g3 d5 5. cxd5 Nxd5 6. d3 Nb6 7. Bg2 Be7 8. 0-0 0-0 9. a3 Be6 10. b4 a6 11. Rb1 f5 12. Bd2 f4 13. Qc2 fxg3 14. fxg3 Bg4 15. Qa2+ Kh8 16. Ne4 Nd4 17. Bc3 Nxe2+ 18. Qxe2 Re8 19. Bxe5 Bf6 20. Bxf6 gxf6 21. Qc2 Nd5 22. Qd2 Bxf3 23. Rxf3 Kg7 24. Rbf1 Re6 25. Nc5 Rc6 26. Rf5 Rd6 27. Bxd5 Rxd5 28. Ne6+ Kh8 29. Nxd8 Rdxd8 30. Rxf6 Kg8 31. Qh6 1-0

[Event "Florianopolis op 9th"]
[Site "Florianopolis"]
[Date "2023.01.24"]
[Round "3"]
[White "Miranda, Marina Lima"]
[Black "De Fassio, Davi dos Santos"]
[Result "1-0"]
[WhiteElo "1672"]
[BlackElo "1200"]
[PlyCount "69"]
[EventDate "2023.01.23"]
[EventType "swiss"]
[EventRounds "10"]
[EventCountry "BRA"]
[SourceTitle "CBM 212 Extra"]
[Source "ChessBase"]
[SourceDate "2023.03.31"]
[SourceVersion "1"]
[SourceVersionDate "2023.03.31"]
[SourceQuality "1"]

1. e4 c5 2. Nf3 d6 3. d4 cxd4 4. Nxd4 Nf6 5. Nc3 a6 6. Be2 e5 7. Nb3 Be7 8. Be3 0-0 9. a4 Nc6 10. 0-0 Be6 11. Qd2 Ng4 12. Bxg4 Bxg4 13. Nd5 Be6 14. Nxe7+ Qxe7 15. Rfd1 Rad8 16. a5 Bxb3 17. cxb3 Kh8 18. b4 h6 19. Ra3 d5 20. exd5 Qh4 21. Bc5 Rfe8 22. Rh3 Qg4 23. Rg3 Qf4 24. Qxf4 exf4 25. Rgd3 Ne5 26. Rd4 Nd7 27. h3 g5 28. d6 Re2 29. R4d2 Rde8 30. Rxe2 Rxe2 31. Kf1 Rc2 32. Re1 Nf6 33. Bd4 Rd2 34. Bxf6+ Kh7 35. Be7 1-0